000 00723nam a2200217Ia 4500
005 20230314103445.0
008 131103s9999 xx 000 0 und d
040 _aLoreto College
041 _aEnglish
082 _a822.33
_bSHA-MOU
100 _aMoulton,Richard G.
245 _aShakespeare
_b as a dramatic artist : a popular illustration of the principles of scientific criticism
_cRichard G.Moulton; with a new introduction by Eric Bentley
260 _aNew York
_bDover Publication
_c1966
300 _axviii,443 [14 p.]
504 _aIncludes appendix and index
650 _aEnglish Drama
651 _aShakespeare,William - Drama - Criticism
700 _aBentley,Eric
850 _aLCLIB
942 _cBK
999 _c4694
_d55173